| 000 | 00884nam a2200229 4500 | ||
|---|---|---|---|
| 003 | CO-ViMGA | ||
| 020 | _a9789588827469 | ||
| 040 |
_aCO-ViMGA _bspa _cCO-ViMGA |
||
| 090 | _aC HAW1 | ||
| 100 | 1 |
_aHawthorne, Nathaniel, _98206 |
|
| 245 | 1 | 0 |
_aLos pigmeos / _cNathaniel Hawthorne ; traducción M. Juderías Bender ; editor Rafael Yockteng |
| 250 | _aEdición especial para el Ministerio de Cultura | ||
| 260 |
_aBogotá : _bMinisterio de Cultura de Colombia, _c2015. |
||
| 300 |
_a30 páginas : _bilustraciones en color ; 27 cm |
||
| 490 | _aLeer es mi cuento ; 11 | ||
| 650 | 1 | 4 |
_a Literatura Infantil Estadounidenses - Siglo Xix; _98208 |
| 650 | 1 | 4 |
_aCuentos Infantiles Estadounidenses - Siglo Xix; _98207 |
| 650 | 1 | 4 |
_aMitologia Griega _98209 |
| 700 | 1 |
_aJuderías Bender, Mario, traductor ; _eil. _98210 |
|
| 700 | 1 |
_aYockteng, Rafael, 1976- , _eil. _98211 |
|
| 942 |
_2ddc _cBK |
||
| 999 |
_c11122 _d11122 |
||